000 01222nam a2200217Ia 4500
003 Ost
005 20260507075526.0
008 260507s9999||||xx |||||||||||||| ||und||
040 _cfsecg
041 _aara
082 _a330
100 _aالموسوي، صفاء عبد الجبار
_eمؤلف
245 0 _aالاقتصاد الرقمي /
_c صفاء عبد الجبار الموسوي
260 _aعمان:
_bدار الأيام للنشر والتوزيع,
_c2017
300 _a246 صفحة؛
_bإيضاحات ؛
_c25 سم
520 _a-الاطار النظري والمفاهيمي:الاطار المفاهيمي للاقتصاد الرقمي -قطاعات الاقتصاد الرقمي -العلاقة بين الاقتصاد الرقمي والتغيرات الاقتصاد الكلي:العلاقة النظرية بين متغيرات الاقتصاد الرقمي -تجربة دولة ماليزيا في الاقتصاد الرقمي -تجربة دولة الامارات العربية المتحد
653 _aالاقتصاد الرقمي
700 _aالأعرجي، كاظم سعد
_eمؤلف ثانوي
700 _aزينب هادي نعمه
_eمؤلف ثانوي
942 _cكتاب
999 _c44797
_d44797